Villes de Ligue 1, Ligue 2 et National sur une carte - Map Quiz - Statistiques

Statistiques générales
  • Ce quiz a été pris 283 fois
  • Le résultat moyen est 25 sur 51
Réponses sur la Carte
Les réponses sont colorées sur une échelle allant du rouge au vert en fonction du pourcentage des utilisateurs qui les ont devinées à leur premier essai. Vous pouvez retrouver ces pourcentages ci-dessous.
 
Statistiques - réponses
Réponse % Correct
Brest
72%
Lyon
70%
Nantes
70%
Strasbourg
68%
Ajaccio
67%
Le Havre
64%
Montpellier
63%
Toulouse
63%
Marseille
62%
Paris
62%
Lille
59%
Nice
59%
Angers
58%
Bastia
57%
Caen
56%
Lens
55%
Pau
55%
Rennes
54%
Saint-Etienne
53%
Dijon
52%
Grenoble
52%
Lorient
52%
Dunkerque
51%
Reims
51%
Amiens
49%
Annecy
49%
Auxerre
48%
Metz
48%
Clermont Ferrand
47%
Guingamp
46%
Nancy
46%
Nîmes
45%
Montbeliard
43%
Martigues
40%
Boulogne-sur-Mer
39%
Versailles
39%
Laval
38%
Troyes
38%
Le Mans
37%
Orleans
37%
Valenciennes
37%
Chateauroux
36%
Bourg-en-Bresse
35%
Rouen
34%
Concarneau
33%
Rodez
32%
Aubagne
30%
Saint-Ouen-sur-Seine
30%
Monaco
28%
Villefranche-sur-Saône
28%
Quevilly
26%
Aucun quiz correspondant
Distribution des résultats
% des personnes avec chaque résultat
Percentile par nombre de réponses
Votre historique - résultats
Vous n’avez pas pris ce quiz